| 000 | 00738nam a2200289K 4500 | ||
|---|---|---|---|
| 999 |
_c6968 _d6968 |
||
| 001 | 6968 | ||
| 003 | BD-JhCC | ||
| 005 | 20180203111632.0 | ||
| 008 | 040917nuuuuuuuuru eng d | ||
| 035 | _a(BD-JhCC) | ||
| 035 | _a(UtOrBLW)bslw00836402 | ||
| 040 |
_aUtOrBLW _cCUD _dUtOrBLW _dUtOrBLW |
||
| 041 | 1 |
_aeng _hrus |
|
| 082 |
_a625.1 _bSHA |
||
| 100 | 1 | _aShadrin, N. A. | |
| 245 | 1 | 0 |
_aRailway construction / _c[by] N. Shadrin ... et al. |
| 260 | _aMoscow. | ||
| 300 |
_a333p. : _c27 cm. _bill. ; |
||
| 650 | _aRailroads | ||
| 700 | 1 | _aPerelman, L. | |
| 700 | 1 | _aRepryev, A. | |
| 700 | 1 | _aLeib, G. | |
| 700 | 1 | _aWeinstein, N. | |
| 942 |
_2ddc _cBK |
||
| 947 |
_aOriginal entry record. _zkeyed |
||
| 947 |
_alacks _b6xx _z600 |
||